[Event "15th Bangkok Chess Club Open Blitz 2015"]
[Site "Dusit Thani, Pattaya"]
[Date "2015.04.15"]
[Round "10.3"]
[White "Socko, Bartosz"]
[Black "Causo, Deniel"]
[Result "*"]
[BlackElo "2401"]
[WhiteElo "2623"]
[LiveChessVersion "1.4.5"]

1. e4 {[%clk 0:03:03]} d5 {[%clk 0:03:04]} 2. exd5 {[%clk 0:03:04]} Nf6
{[%clk 0:03:05]} 3. d4 {[%clk 0:03:05]} Bg4 {[%clk 0:03:02]} 4. Be2
{[%clk 0:03:05]} Bxe2 {[%clk 0:03:03]} 5. Nxe2 {[%clk 0:03:06]} Qxd5
{[%clk 0:03:03]} 6. O-O {[%clk 0:03:07]} Nc6 {[%clk 0:03:05]} 7. b3
{[%clk 0:03:00]} O-O-O {[%clk 0:03:04]} 8. Bb2 {[%clk 0:03:00]} Qh5
{[%clk 0:03:03]} 9. c4 {[%clk 0:02:45]} e6 {[%clk 0:02:57]} 10. Nd2
{[%clk 0:02:35]} Bd6 {[%clk 0:02:46]} 11. Nf3 {[%clk 0:02:36]} Rhg8
{[%clk 0:02:27]} 12. Qc1 {[%clk 0:02:24]} Nb4 {[%clk 0:02:16]} 13. Rd1
{[%clk 0:02:22]} Bxh2+ {[%clk 0:02:13]} 14. Nxh2 {[%clk 0:02:11]} Qxe2
{[%clk 0:02:14]} 15. Bc3 {[%clk 0:01:53]} Nxa2 {[%clk 0:02:00]} 16. Qd2
{[%clk 0:01:28]} Nxc3 {[%clk 0:02:01]} 17. Qxc3 {[%clk 0:01:29]} a6
{[%clk 0:01:42]} 18. f3 {[%clk 0:01:24]} Nh5 {[%clk 0:01:22]} 19. Rd2
{[%clk 0:01:20]} Nf4 {[%clk 0:01:19]} 20. Kh1 {[%clk 0:01:16]} Nd5
{[%clk 0:00:42]} 21. cxd5 {[%clk 0:01:13]} Qb5 {[%clk 0:00:43]} 22. dxe6
{[%clk 0:01:12]} fxe6 {[%clk 0:00:44]} 23. Re1 {[%clk 0:01:08]} Rd6
{[%clk 0:00:44]} 24. Re5 {[%clk 0:01:07]} Qd7 {[%clk 0:00:43]} 25. Ng4
{[%clk 0:01:03]} Rd8 {[%clk 0:00:43]} 26. Re4 {[%clk 0:01:05]} Rd5
{[%clk 0:00:39]} 27. Ne5 {[%clk 0:01:04]} Qb5 {[%clk 0:00:37]} 28. Kg1
{[%clk 0:01:02]} Kb8 {[%clk 0:00:37]} 29. b4 {[%clk 0:00:58]} a5 {[%clk 0:00:15]}
30. bxa5 c5 31. Rb2 {[%clk 0:00:55]} Qe8 {[%clk 0:00:18]} 32. Qb3 *

[Event "15th Bangkok Chess Club Open Blitz 2015"]
[Site "Dusit Thani, Pattaya"]
[Date "2015.04.15"]
[Round "10.4"]
[White "Barbosa, Oliver"]
[Black "Ravi, Teja S."]
[Result "*"]
[BlackElo "2368"]
[WhiteElo "2610"]
[LiveChessVersion "1.4.5"]

1. d4 {[%clk 0:03:01]} d5 {[%clk 0:03:03]} 2. Bg5 {[%clk 0:03:01]} c6
{[%clk 0:03:04]} 3. Nf3 {[%clk 0:03:01]} Bf5 {[%clk 0:03:04]} 4. e3
{[%clk 0:03:01]} Nd7 {[%clk 0:03:05]} 5. c4 {[%clk 0:03:01]} Ngf6
{[%clk 0:03:05]} 6. Nc3 {[%clk 0:03:01]} e6 {[%clk 0:03:06]} 7. Qb3
{[%clk 0:03:01]} Qb6 {[%clk 0:03:06]} 8. c5 {[%clk 0:03:01]} Qxb3
{[%clk 0:03:06]} 9. axb3 {[%clk 0:03:02]} a6 {[%clk 0:03:08]} 10. b4
{[%clk 0:03:02]} Rc8 {[%clk 0:03:09]} 11. h3 {[%clk 0:02:56]} Be7
{[%clk 0:03:09]} 12. Bf4 {[%clk 0:02:56]} O-O {[%clk 0:02:59]} 13. Nd2
{[%clk 0:02:57]} Bd8 {[%clk 0:02:57]} 14. Nb3 {[%clk 0:02:44]} Bc7
{[%clk 0:02:57]} 15. Bxc7 {[%clk 0:02:23]} Rxc7 {[%clk 0:02:58]} 16. f3
{[%clk 0:02:21]} e5 {[%clk 0:02:55]} 17. g4 {[%clk 0:02:19]} Bc2 {[%clk 0:02:51]}
18. Na5 {[%clk 0:02:18]} Re8 {[%clk 0:02:48]} 19. Kd2 {[%clk 0:02:18]} Bg6
{[%clk 0:02:48]} 20. h4 {[%clk 0:02:11]} h5 {[%clk 0:02:43]} 21. g5
{[%clk 0:02:11]} Nh7 {[%clk 0:02:44]} 22. Bh3 {[%clk 0:02:11]} Nhf8
{[%clk 0:02:45]} 23. f4 {[%clk 0:02:10]} exd4 {[%clk 0:02:39]} 24. exd4
{[%clk 0:02:09]} Be4 {[%clk 0:02:29]} 25. Rhe1 {[%clk 0:02:08]} f5
{[%clk 0:02:25]} 26. Bxf5 {[%clk 0:02:06]} Bxf5 {[%clk 0:02:09]} 27. Rxe8 Kf7 28.
Ra8 {[%clk 0:01:45]} Ng6 {[%clk 0:02:04]} 29. Ra7 {[%clk 0:01:43]} Nxh4
{[%clk 0:01:58]} 30. Rxb7 {[%clk 0:01:41]} Rc8 {[%clk 0:01:59]} 31. Rh1
{[%clk 0:01:26]} Ng2 {[%clk 0:01:47]} 32. Ne2 {[%clk 0:01:15]} Kg6
{[%clk 0:01:35]} 33. Rh2 {[%clk 0:01:12]} Nxf4 {[%clk 0:01:17]} 34. Nxf4+
{[%clk 0:01:12]} Kxg5 {[%clk 0:01:18]} 35. Nxh5 {[%clk 0:01:02]} g6
{[%clk 0:01:05]} 36. Ng3 {[%clk 0:01:02]} Bg4 {[%clk 0:01:06]} 37. Ra7
{[%clk 0:00:54]} Kf4 {[%clk 0:00:59]} 38. Ne2+ {[%clk 0:00:53]} Ke4
{[%clk 0:00:58]} 39. Rh4 {[%clk 0:00:52]} Nf6 {[%clk 0:00:59]} 40. Rf7
{[%clk 0:00:53]} g5 {[%clk 0:01:00]} 41. Nc3+ {[%clk 0:00:45]} Kxd4
{[%clk 0:00:58]} 42. Rh6 {[%clk 0:00:43]} Nd7 {[%clk 0:00:51]} 43. Nxc6+
{[%clk 0:00:39]} Kc4 {[%clk 0:00:51]} 44. Rxd7 {[%clk 0:00:38]} Bxd7
{[%clk 0:00:51]} 45. Ne5+ {[%clk 0:00:39]} Kxb4 {[%clk 0:00:52]} 46. Nxd7
{[%clk 0:00:40]} d4 {[%clk 0:00:50]} 47. Nd5+ {[%clk 0:00:40]} Kb3
{[%clk 0:00:51]} 48. Rb6+ {[%clk 0:00:40]} Kc4 {[%clk 0:00:52]} 49. N7f6
{[%clk 0:00:36]} Kxc5 {[%clk 0:00:52]} 50. Kd3 {[%clk 0:00:33]} a5
{[%clk 0:00:53]} 51. Ke4 {[%clk 0:00:29]} Rd8 {[%clk 0:00:40]} 52. Rb7
{[%clk 0:00:25]} g4 {[%clk 0:00:34]} 53. Rc7+ {[%clk 0:00:26]} Kb5
{[%clk 0:00:23]} 54. Kxd4 {[%clk 0:00:25]} Rh8 {[%clk 0:00:17]} 55. Rb7+
{[%clk 0:00:23]} Ka6 {[%clk 0:00:12]} 56. Rg7 {[%clk 0:00:21]} Rb8
{[%clk 0:00:05]} 57. Nd7 {[%clk 0:00:17]} Rxb2 58. Nc5+ *

[Event "15th Bangkok Chess Club Open Blitz 2015"]
[Site "Dusit Thani, Pattaya"]
[Date "2015.04.15"]
[Round "10.5"]
[White "Alahakoon, Isuru"]
[Black "Dimakiling, Oliver"]
[Result "*"]
[BlackElo "2422"]
[WhiteElo "2152"]
[LiveChessVersion "1.4.5"]

1. e4 {[%clk 0:03:03]} e5 {[%clk 0:03:03]} 2. Nf3 {[%clk 0:03:03]} Nc6
{[%clk 0:03:04]} 3. Bc4 {[%clk 0:03:04]} g6 {[%clk 0:03:03]} 4. d4
{[%clk 0:03:00]} exd4 {[%clk 0:03:03]} 5. Nxd4 {[%clk 0:03:01]} Bg7
{[%clk 0:03:03]} 6. Be3 {[%clk 0:03:00]} Nge7 {[%clk 0:03:03]} 7. Nc3
{[%clk 0:02:56]} O-O {[%clk 0:03:01]} 8. f3 {[%clk 0:02:45]} a6 {[%clk 0:02:59]}
9. Qd2 {[%clk 0:02:46]} Ne5 {[%clk 0:02:59]} 10. Bb3 {[%clk 0:02:46]} c5
{[%clk 0:02:59]} 11. Nde2 {[%clk 0:02:32]} c4 {[%clk 0:03:00]} 12. f4
{[%clk 0:02:32]} cxb3 {[%clk 0:02:59]} 13. fxe5 {[%clk 0:02:32]} bxc2
{[%clk 0:02:59]} 14. Qxc2 {[%clk 0:02:28]} Nc6 {[%clk 0:03:00]} 15. O-O-O
{[%clk 0:02:26]} Nxe5 {[%clk 0:02:59]} 16. h4 {[%clk 0:02:22]} h5
{[%clk 0:02:58]} 17. Bg5 {[%clk 0:02:23]} Qa5 {[%clk 0:02:57]} 18. Kb1
{[%clk 0:02:20]} d6 {[%clk 0:02:47]} 19. Nd5 {[%clk 0:02:20]} Be6
{[%clk 0:02:46]} 20. Nec3 {[%clk 0:01:56]} Nc4 {[%clk 0:02:12]} 21. Bf6
{[%clk 0:01:38]} Bxf6 {[%clk 0:02:10]} 22. Nxf6+ {[%clk 0:01:39]} Kg7
{[%clk 0:02:12]} 23. Nfd5 {[%clk 0:01:30]} Rac8 {[%clk 0:02:12]} 24. Qf2
{[%clk 0:01:24]} f6 {[%clk 0:02:11]} 25. Rhf1 {[%clk 0:01:01]} Qc5
{[%clk 0:01:57]} 26. Qxc5 {[%clk 0:00:51]} Rxc5 {[%clk 0:01:57]} 27. Nf4
{[%clk 0:00:52]} Bg4 {[%clk 0:01:54]} 28. Rd4 {[%clk 0:00:51]} g5
{[%clk 0:01:35]} 29. Nd3 {[%clk 0:00:45]} Nd2+ {[%clk 0:01:32]} 30. Kc2
{[%clk 0:00:39]} Nxf1 {[%clk 0:01:31]} 31. Nxc5 {[%clk 0:00:39]} dxc5
{[%clk 0:01:32]} 32. Rd3 {[%clk 0:00:22]} gxh4 {[%clk 0:01:30]} *

[Event "15th Bangkok Chess Club Open Blitz 2015"]
[Site "Dusit Thani, Pattaya"]
[Date "2015.04.15"]
[Round "10.6"]
[White "Biag, Ivan Gil"]
[Black "Bartel, Michal"]
[Result "1-0"]
[BlackElo "2381"]
[WhiteElo "2328"]
[LiveChessVersion "1.4.5"]

1. d4 {[%clk 0:03:02]} Nf6 {[%clk 0:03:04]} 2. c4 {[%clk 0:03:03]} c5
{[%clk 0:03:05]} 3. d5 {[%clk 0:03:04]} e6 {[%clk 0:03:06]} 4. Nc3
{[%clk 0:03:05]} exd5 {[%clk 0:03:07]} 5. cxd5 {[%clk 0:03:06]} d6
{[%clk 0:03:09]} 6. e4 {[%clk 0:03:06]} g6 {[%clk 0:03:10]} 7. f4
{[%clk 0:03:07]} Bg7 {[%clk 0:03:11]} 8. Bb5+ {[%clk 0:03:07]} Nfd7
{[%clk 0:03:12]} 9. a4 {[%clk 0:03:06]} Qh4+ {[%clk 0:03:13]} 10. g3
{[%clk 0:03:06]} Qe7 {[%clk 0:03:15]} 11. Nf3 {[%clk 0:02:55]} O-O
{[%clk 0:03:14]} 12. O-O {[%clk 0:02:45]} Nf6 {[%clk 0:03:15]} 13. Re1
{[%clk 0:02:43]} Bg4 {[%clk 0:03:16]} 14. Bf1 {[%clk 0:02:32]} Re8
{[%clk 0:03:08]} 15. h3 {[%clk 0:02:30]} Bxf3 {[%clk 0:03:08]} 16. Qxf3
{[%clk 0:02:30]} Nfd7 {[%clk 0:03:07]} 17. Bd2 {[%clk 0:02:21]} Na6
{[%clk 0:03:07]} 18. Kh2 {[%clk 0:01:52]} Nb4 {[%clk 0:03:08]} 19. Rac1
{[%clk 0:01:53]} a6 {[%clk 0:03:01]} 20. b3 {[%clk 0:01:45]} Rab8
{[%clk 0:02:55]} 21. Bc4 {[%clk 0:01:12]} Qf8 {[%clk 0:02:29]} 22. Re2
{[%clk 0:01:01]} Bd4 {[%clk 0:01:46]} 23. Be1 {[%clk 0:00:55]} Qg7
{[%clk 0:01:45]} 24. Rd1 {[%clk 0:00:37]} Re7 {[%clk 0:01:32]} 25. Na2
{[%clk 0:00:15]} Nxa2 {[%clk 0:01:30]} 26. Rxa2 {[%clk 0:00:16]} Rbe8
{[%clk 0:01:12]} 27. Re2 {[%clk 0:00:15]} h5 {[%clk 0:01:08]} 28. Bd2
{[%clk 0:00:14]} Nb6 {[%clk 0:01:07]} 29. Rde1 {[%clk 0:00:12]} Nd7
{[%clk 0:01:07]} 30. Bc1 {[%clk 0:00:12]} Qf6 {[%clk 0:01:05]} 31. Kg2
{[%clk 0:00:12]} Qg7 {[%clk 0:01:06]} 32. e5 {[%clk 0:00:13]} dxe5
{[%clk 0:00:53]} 33. d6 {[%clk 0:00:14]} e4 {[%clk 0:00:52]} 34. Rxe4
{[%clk 0:00:15]} Rxe4 {[%clk 0:00:52]} 35. Rxe4 {[%clk 0:00:17]} Rd8
{[%clk 0:00:39]} 36. Re7 {[%clk 0:00:18]} Nb6 {[%clk 0:00:12]} 37. Rxf7
{[%clk 0:00:15]} Qxf7 {[%clk 0:00:14]} 38. Bxf7+ Kxf7 39. Qxb7+ Nd7 40. Qxa6
{[%clk 0:00:14]} Re8 {[%clk 0:00:18]} 41. Qc4+ {[%clk 0:00:14]} Kf6
{[%clk 0:00:19]} 42. a5 {[%clk 0:00:13]} Re2+ {[%clk 0:00:19]} 43. Qxe2
{[%clk 0:00:14]} 1-0

[Event "15th Bangkok Chess Club Open Blitz 2015"]
[Site "Dusit Thani, Pattaya"]
[Date "2015.04.15"]
[Round "11.1"]
[White "Ravi, Teja S."]
[Black "Alahakoon, Isuru"]
[Result "*"]
[BlackElo "2152"]
[WhiteElo "2368"]
[LiveChessVersion "1.4.5"]

1. d4 {[%clk 0:03:02]} Nf6 {[%clk 0:03:02]} 2. c4 {[%clk 0:03:03]} g6
{[%clk 0:03:02]} 3. g3 {[%clk 0:03:04]} Bg7 {[%clk 0:03:02]} 4. Bg2
{[%clk 0:03:05]} d6 {[%clk 0:03:01]} 5. Nc3 {[%clk 0:03:06]} O-O {[%clk 0:03:01]}
6. Nf3 {[%clk 0:03:08]} c6 {[%clk 0:03:00]} 7. O-O {[%clk 0:03:08]} Qa5
{[%clk 0:03:01]} 8. e4 {[%clk 0:03:08]} Bg4 {[%clk 0:03:01]} 9. Be3
{[%clk 0:03:02]} Qh5 {[%clk 0:02:57]} 10. Bf4 {[%clk 0:02:46]} Nbd7
{[%clk 0:02:51]} 11. Qd3 {[%clk 0:02:47]} e5 {[%clk 0:02:42]} 12. dxe5
{[%clk 0:02:31]} dxe5 {[%clk 0:02:40]} 13. Bd2 {[%clk 0:02:32]} Rad8
{[%clk 0:02:32]} 14. Qe3 {[%clk 0:02:23]} Rfe8 {[%clk 0:02:03]} 15. Ng5
{[%clk 0:02:18]} h6 {[%clk 0:01:48]} 16. Nf3 {[%clk 0:02:11]} Nf8
{[%clk 0:01:47]} 17. Ne1 {[%clk 0:01:58]} Ne6 {[%clk 0:01:38]} 18. f3
{[%clk 0:01:33]} Nd4 {[%clk 0:01:36]} 19. Qf2 {[%clk 0:01:21]} g5
{[%clk 0:01:13]} 20. Be3 {[%clk 0:01:11]} Be6 {[%clk 0:00:59]} 21. g4
{[%clk 0:01:02]} Qg6 {[%clk 0:00:41]} 22. b3 {[%clk 0:01:01]} h5 {[%clk 0:00:36]}
23. h3 {[%clk 0:01:01]} Nd7 {[%clk 0:00:20]} 24. Nc2 {[%clk 0:00:51]} Nxc2
{[%clk 0:00:15]} 25. Qxc2 {[%clk 0:00:52]} Nf6 {[%clk 0:00:13]} 26. Bxa7
{[%clk 0:00:49]} hxg4 {[%clk 0:00:12]} 27. fxg4 {[%clk 0:00:48]} Nd7
{[%clk 0:00:08]} 28. Be3 {[%clk 0:00:47]} Bf8 {[%clk 0:00:07]} 29. Qf2
{[%clk 0:00:39]} f6 {[%clk 0:00:06]} 30. Rad1 {[%clk 0:00:36]} c5
{[%clk 0:00:05]} 31. Nd5 {[%clk 0:00:36]} Bxd5 {[%clk 0:00:05]} 32. exd5
{[%clk 0:00:37]} Bd6 {[%clk 0:00:05]} 33. Qf5 {[%clk 0:00:32]} Qxf5
{[%clk 0:00:04]} 34. Rxf5 {[%clk 0:00:33]} Kg7 {[%clk 0:00:06]} 35. Be4
{[%clk 0:00:34]} Re7 {[%clk 0:00:06]} 36. a4 {[%clk 0:00:32]} b6 {[%clk 0:00:07]}
37. Kg2 {[%clk 0:00:31]} Rh8 {[%clk 0:00:08]} 38. Ra1 {[%clk 0:00:30]} Ra8
{[%clk 0:00:09]} 39. Kg3 {[%clk 0:00:26]} Nf8 {[%clk 0:00:09]} 40. h4
{[%clk 0:00:18]} gxh4+ {[%clk 0:00:08]} 41. Kxh4 {[%clk 0:00:20]} Ng6+ 42. Kg3
Nf4 {[%clk 0:00:08]} 43. g5 {[%clk 0:00:19]} fxg5 {[%clk 0:00:08]} 44. Rxg5+
{[%clk 0:00:20]} Kf6 {[%clk 0:00:07]} 45. Rf5+ {[%clk 0:00:22]} Kg7
{[%clk 0:00:08]} 46. Kf3 {[%clk 0:00:20]} Rf8 {[%clk 0:00:08]} 47. Rg1+
{[%clk 0:00:21]} Ng6 {[%clk 0:00:06]} 48. Rxg6+ {[%clk 0:00:22]} *

[Event "15th Bangkok Chess Club Open Blitz 2015"]
[Site "Dusit Thani, Pattaya"]
[Date "2015.04.15"]
[Round "11.2"]
[White "Causo, Deniel"]
[Black "Barbosa, Oliver"]
[Result "*"]
[BlackElo "2610"]
[WhiteElo "2401"]
[LiveChessVersion "1.4.5"]

1. e4 {[%clk 0:03:00]} c6 {[%clk 0:02:58]} 2. d4 {[%clk 0:02:57]} d5
{[%clk 0:02:59]} 3. e5 {[%clk 0:02:57]} Bf5 {[%clk 0:02:58]} 4. Nc3
{[%clk 0:02:50]} e6 {[%clk 0:02:55]} 5. g4 {[%clk 0:02:45]} Bg6 {[%clk 0:02:55]}
6. Nge2 {[%clk 0:02:44]} Ne7 {[%clk 0:02:45]} 7. h3 {[%clk 0:02:08]} a6
{[%clk 0:02:33]} 8. Bg2 {[%clk 0:02:08]} c5 {[%clk 0:02:33]} 9. O-O
{[%clk 0:02:01]} Nec6 {[%clk 0:02:29]} 10. f4 {[%clk 0:01:59]} cxd4
{[%clk 0:02:22]} 11. Nxd4 {[%clk 0:02:00]} Bc5 {[%clk 0:02:06]} 12. Nce2
{[%clk 0:01:52]} Bxc2 {[%clk 0:01:54]} 13. Qxc2 {[%clk 0:01:52]} Nxd4
{[%clk 0:01:44]} 14. Qxc5 {[%clk 0:00:57]} Nxe2+ {[%clk 0:01:43]} 15. Kh2
{[%clk 0:00:58]} Nd7 {[%clk 0:01:43]} 16. Qa3 {[%clk 0:00:47]} Nd4
{[%clk 0:01:16]} 17. Qd3 {[%clk 0:00:19]} Nc6 {[%clk 0:01:14]} 18. Be3
{[%clk 0:00:20]} h5 {[%clk 0:01:12]} 19. g5 {[%clk 0:00:20]} g6 {[%clk 0:01:12]}
20. Rac1 {[%clk 0:00:22]} Ne7 {[%clk 0:01:05]} 21. Qa3 {[%clk 0:00:15]} Kf8
{[%clk 0:00:56]} 22. Rc2 {[%clk 0:00:11]} Kg7 {[%clk 0:00:57]} 23. Rfc1
{[%clk 0:00:11]} Nc6 {[%clk 0:00:56]} 24. Qa4 {[%clk 0:00:07]} Rc8
{[%clk 0:00:44]} 25. a3 {[%clk 0:00:05]} Qc7 {[%clk 0:00:41]} 26. Qb3
{[%clk 0:00:05]} Qb8 {[%clk 0:00:42]} 27. Qd3 {[%clk 0:00:06]} Kh7
{[%clk 0:00:40]} 28. b4 {[%clk 0:00:07]} Ndxe5 {[%clk 0:00:38]} 29. fxe5
{[%clk 0:00:08]} Nxe5 {[%clk 0:00:39]} 30. Qe2 {[%clk 0:00:06]} Nf3+
{[%clk 0:00:40]} *

[Event "15th Bangkok Chess Club Open Blitz 2015"]
[Site "Dusit Thani, Pattaya"]
[Date "2015.04.15"]
[Round "11.3"]
[White "Grafil, Franz Robert"]
[Black "Socko, Bartosz"]
[Result "*"]
[BlackElo "2623"]
[WhiteElo "2156"]
[LiveChessVersion "1.4.5"]

1. d4 {[%clk 0:03:03]} Nf6 {[%clk 0:03:03]} 2. c4 {[%clk 0:03:05]} e6
{[%clk 0:03:03]} 3. g3 {[%clk 0:03:06]} c5 {[%clk 0:03:04]} 4. Nf3
{[%clk 0:03:07]} cxd4 {[%clk 0:03:02]} 5. Nxd4 {[%clk 0:03:08]} d5
{[%clk 0:03:01]} 6. cxd5 {[%clk 0:03:03]} Qxd5 {[%clk 0:03:00]} 7. Nf3
{[%clk 0:02:48]} Qxd1+ {[%clk 0:02:57]} 8. Kxd1 {[%clk 0:02:49]} Bc5
{[%clk 0:02:55]} 9. e3 {[%clk 0:02:44]} b6 {[%clk 0:02:49]} 10. Bd3
{[%clk 0:02:35]} Bb7 {[%clk 0:02:44]} 11. Ke2 {[%clk 0:02:36]} Nbd7
{[%clk 0:02:45]} 12. Rd1 {[%clk 0:02:34]} Ke7 {[%clk 0:02:35]} 13. a3
{[%clk 0:02:33]} Rhd8 {[%clk 0:02:27]} 14. b4 *

[Event "15th Bangkok Chess Club Open Blitz 2015"]
[Site "Dusit Thani, Pattaya"]
[Date "2015.04.15"]
[Round "11.4"]
[White "Roy, Prantik"]
[Black "Laylo, Darwin"]
[Result "*"]
[BlackElo "2465"]
[WhiteElo "2308"]
[LiveChessVersion "1.4.5"]

1. e4 {[%clk 0:03:02]} d5 {[%clk 0:03:04]} 2. exd5 Nf6 {[%clk 0:03:05]} 3. Nc3
{[%clk 0:03:04]} Nxd5 {[%clk 0:03:04]} 4. Nxd5 {[%clk 0:03:05]} Qxd5
{[%clk 0:03:05]} 5. Qf3 {[%clk 0:03:06]} Qxf3 {[%clk 0:02:50]} 6. Nxf3
{[%clk 0:03:07]} g6 {[%clk 0:02:47]} 7. d4 {[%clk 0:03:08]} Bg7 {[%clk 0:02:48]}
8. c3 {[%clk 0:03:09]} O-O {[%clk 0:02:48]} 9. Bf4 {[%clk 0:03:10]} c6
{[%clk 0:02:47]} 10. Bc4 {[%clk 0:03:09]} Nd7 {[%clk 0:02:47]} 11. O-O-O
{[%clk 0:03:09]} Nb6 {[%clk 0:02:45]} 12. Bb3 {[%clk 0:03:10]} Bg4
{[%clk 0:02:45]} 13. Rd3 {[%clk 0:03:05]} Rad8 {[%clk 0:02:29]} 14. Ne5
{[%clk 0:02:59]} Bf5 {[%clk 0:02:26]} 15. Rdd1 {[%clk 0:02:58]} Nd5
{[%clk 0:02:24]} 16. Bg3 {[%clk 0:02:53]} Bh6+ {[%clk 0:02:23]} 17. Rd2
{[%clk 0:02:44]} Bxd2+ {[%clk 0:02:19]} 18. Kxd2 {[%clk 0:02:45]} c5
{[%clk 0:02:13]} 19. c4 {[%clk 0:02:31]} Nf6 {[%clk 0:02:09]} 20. d5
{[%clk 0:02:31]} e6 {[%clk 0:01:51]} 21. Bh4 {[%clk 0:02:32]} g5 {[%clk 0:01:52]}
22. Bg3 {[%clk 0:02:29]} exd5 {[%clk 0:01:53]} 23. cxd5 {[%clk 0:02:28]} Nxd5
{[%clk 0:01:53]} 24. Kc1 {[%clk 0:02:25]} Nb4 {[%clk 0:01:47]} 25. h4
{[%clk 0:02:17]} g4 {[%clk 0:01:43]} 26. a3 {[%clk 0:02:15]} Nd3+
{[%clk 0:01:43]} 27. Nxd3 {[%clk 0:02:16]} Bxd3 {[%clk 0:01:44]} 28. f3
{[%clk 0:01:56]} h5 {[%clk 0:01:18]} 29. Be5 {[%clk 0:01:47]} Rfe8
{[%clk 0:01:15]} 30. f4 {[%clk 0:01:48]} b5 {[%clk 0:01:08]} 31. Rd1
{[%clk 0:01:11]} c4 {[%clk 0:01:07]} 32. Bc2 {[%clk 0:01:12]} Bxc2
{[%clk 0:01:07]} 33. Rxd8 {[%clk 0:01:13]} Rxd8 {[%clk 0:01:07]} 34. Kxc2
{[%clk 0:01:14]} Rd3 {[%clk 0:01:03]} *

[Event "15th Bangkok Chess Club Open Blitz 2015"]
[Site "Dusit Thani, Pattaya"]
[Date "2015.04.15"]
[Round "11.5"]
[White "Gavilan, Arnulfo"]
[Black "Hemant, Sharma"]
[Result "*"]
[BlackElo "2325"]
[WhiteElo "2244"]
[LiveChessVersion "1.4.5"]

1. e4 {[%clk 0:03:01]} c5 {[%clk 0:03:03]} 2. Nf3 {[%clk 0:03:01]} d6
{[%clk 0:03:03]} 3. Bc4 {[%clk 0:03:01]} e6 {[%clk 0:03:04]} 4. c3
{[%clk 0:03:02]} b6 {[%clk 0:03:04]} 5. d4 {[%clk 0:03:01]} Bb7 {[%clk 0:03:05]}
6. Nbd2 {[%clk 0:03:01]} cxd4 {[%clk 0:03:05]} 7. cxd4 {[%clk 0:03:01]} Nf6
{[%clk 0:03:05]} 8. Bd3 {[%clk 0:03:01]} Nbd7 {[%clk 0:03:05]} 9. O-O
{[%clk 0:03:01]} Be7 {[%clk 0:03:06]} 10. Re1 {[%clk 0:03:02]} e5
{[%clk 0:03:07]} 11. dxe5 {[%clk 0:02:56]} dxe5 {[%clk 0:03:06]} 12. Nc4
{[%clk 0:02:57]} Nc5 {[%clk 0:02:59]} 13. Ncxe5 {[%clk 0:02:48]} Nxd3
{[%clk 0:02:59]} 14. Qxd3 {[%clk 0:02:36]} Qxd3 {[%clk 0:02:59]} 15. Nxd3
{[%clk 0:02:36]} Bxe4 {[%clk 0:03:00]} 16. Bg5 {[%clk 0:02:16]} Bxd3
{[%clk 0:02:59]} 17. Bxf6 {[%clk 0:02:13]} gxf6 {[%clk 0:03:00]} 18. Re3
{[%clk 0:01:36]} Rd8 {[%clk 0:03:00]} 19. Rae1 {[%clk 0:01:25]} Rd7
{[%clk 0:03:00]} 20. Nh4 {[%clk 0:01:22]} Kd8 {[%clk 0:02:44]} 21. h3
{[%clk 0:00:54]} f5 {[%clk 0:02:38]} 22. Nf3 {[%clk 0:00:54]} Bf6 *

[Event "15th Bangkok Chess Club Open Blitz 2015"]
[Site "Dusit Thani, Pattaya"]
[Date "2015.04.15"]
[Round "11.6"]
[White "Wang, Hao"]
[Black "Dragun, Kamil"]
[Result "*"]
[BlackElo "2537"]
[WhiteElo "2705"]
[LiveChessVersion "1.4.5"]

1. d4 {[%clk 0:03:03]} Nf6 {[%clk 0:03:03]} 2. c4 {[%clk 0:03:04]} e6
{[%clk 0:03:05]} 3. Nf3 {[%clk 0:03:04]} d5 {[%clk 0:02:58]} 4. Nc3
{[%clk 0:03:04]} Bb4 {[%clk 0:02:59]} 5. e3 {[%clk 0:03:05]} O-O {[%clk 0:02:57]}
6. Bd3 {[%clk 0:03:06]} c5 {[%clk 0:02:56]} 7. O-O {[%clk 0:03:06]} Nc6
{[%clk 0:02:57]} 8. a3 {[%clk 0:03:06]} Bxc3 {[%clk 0:02:57]} 9. bxc3
{[%clk 0:03:07]} dxc4 {[%clk 0:02:52]} 10. Bxc4 {[%clk 0:03:07]} Qc7
{[%clk 0:02:53]} 11. Bb2 {[%clk 0:03:08]} e5 {[%clk 0:02:49]} 12. h3
{[%clk 0:03:09]} e4 {[%clk 0:02:41]} 13. Nd2 {[%clk 0:03:09]} Bf5
{[%clk 0:02:41]} 14. Qe2 {[%clk 0:03:00]} Bg6 {[%clk 0:02:41]} 15. Rfc1
{[%clk 0:03:00]} Bh5 {[%clk 0:02:22]} 16. Qe1 {[%clk 0:03:01]} Na5
{[%clk 0:02:23]} 17. Ba2 {[%clk 0:02:38]} c4 {[%clk 0:02:12]} 18. a4
{[%clk 0:02:38]} Rfe8 {[%clk 0:02:10]} 19. Ba3 {[%clk 0:02:38]} Nd5
{[%clk 0:02:10]} 20. Bb4 {[%clk 0:02:32]} Rac8 {[%clk 0:01:31]} 21. Bxa5
{[%clk 0:02:09]} Qxa5 {[%clk 0:01:32]} 22. Bxc4 {[%clk 0:02:06]} Nb6
{[%clk 0:00:37]} 23. Bb5 {[%clk 0:02:06]} Nd5 {[%clk 0:00:26]} 24. Bxe8
{[%clk 0:02:02]} Rxe8 {[%clk 0:00:27]} 25. c4 {[%clk 0:01:57]} Nf6
{[%clk 0:00:28]} 26. Nf1 {[%clk 0:01:54]} Qg5 {[%clk 0:00:27]} 27. Rab1
{[%clk 0:01:52]} b6 {[%clk 0:00:23]} 28. Rb5 {[%clk 0:01:52]} Qg6
{[%clk 0:00:23]} 29. Ng3 {[%clk 0:01:52]} Bf3 {[%clk 0:00:18]} 30. gxf3
{[%clk 0:01:48]} h5 {[%clk 0:00:19]} 31. f4 {[%clk 0:01:46]} *

[Event "15th Bangkok Chess Club Open Blitz 2015"]
[Site "Dusit Thani, Pattaya"]
[Date "2015.04.15"]
[Round "12.1"]
[White "Laylo, Darwin"]
[Black "Gavilan, Arnulfo"]
[Result "*"]
[BlackElo "2244"]
[WhiteElo "2465"]
[LiveChessVersion "1.4.5"]

1. c4 {[%clk 0:03:03]} c5 {[%clk 0:02:59]} 2. Nc3 {[%clk 0:03:04]} Nc6
{[%clk 0:02:59]} 3. g3 {[%clk 0:03:05]} g6 {[%clk 0:02:59]} 4. Bg2
{[%clk 0:03:06]} Bg7 {[%clk 0:03:00]} 5. Rb1 {[%clk 0:03:06]} Nf6
{[%clk 0:02:59]} 6. a3 {[%clk 0:03:08]} a5 {[%clk 0:02:59]} 7. e4
{[%clk 0:03:02]} O-O {[%clk 0:02:57]} 8. Nge2 {[%clk 0:03:03]} d6
{[%clk 0:02:49]} 9. d3 {[%clk 0:03:04]} Nd4 {[%clk 0:02:48]} 10. O-O
{[%clk 0:03:00]} Bd7 {[%clk 0:02:41]} 11. Nxd4 {[%clk 0:02:51]} cxd4
{[%clk 0:02:41]} 12. Ne2 {[%clk 0:02:52]} e5 {[%clk 0:02:32]} 13. h3
{[%clk 0:02:45]} Qc8 {[%clk 0:02:32]} 14. Kh2 {[%clk 0:02:45]} Ne8
{[%clk 0:02:30]} 15. b4 {[%clk 0:02:39]} axb4 {[%clk 0:02:27]} 16. axb4
{[%clk 0:02:40]} f5 {[%clk 0:02:22]} 17. exf5 {[%clk 0:02:30]} Bxf5
{[%clk 0:02:13]} 18. g4 {[%clk 0:02:25]} Be6 {[%clk 0:02:00]} 19. f4
{[%clk 0:02:21]} Ra2 {[%clk 0:01:54]} 20. Ng3 {[%clk 0:02:02]} b5
{[%clk 0:01:47]} 21. Qb3 {[%clk 0:01:50]} Rxg2+ {[%clk 0:01:15]} 22. Kxg2
{[%clk 0:01:51]} bxc4 {[%clk 0:01:16]} 23. Qc2 {[%clk 0:01:36]} Qb7+
{[%clk 0:01:00]} 24. Kh2 {[%clk 0:01:36]} d5 {[%clk 0:00:51]} 25. f5
{[%clk 0:01:26]} Bf7 {[%clk 0:00:41]} 26. Bg5 {[%clk 0:01:21]} h6
{[%clk 0:00:35]} 27. f6 {[%clk 0:01:14]} hxg5 {[%clk 0:00:35]} 28. fxg7
{[%clk 0:01:15]} Kxg7 {[%clk 0:00:36]} 29. b5 {[%clk 0:01:10]} Nf6
{[%clk 0:00:32]} 30. b6 {[%clk 0:01:10]} Be6 {[%clk 0:00:23]} 31. Qe2
{[%clk 0:01:00]} e4 {[%clk 0:00:20]} 32. dxc4 {[%clk 0:00:52]} dxc4
{[%clk 0:00:15]} 33. Qd2 {[%clk 0:00:54]} Rh8 {[%clk 0:00:09]} 34. Rxf6
{[%clk 0:00:52]} Bxg4 {[%clk 0:00:05]} 35. Qxd4 {[%clk 0:00:48]} Rxh3+
{[%clk 0:00:05]} 36. Kg2 {[%clk 0:00:48]} e3+ {[%clk 0:00:06]} 37. Ne4
{[%clk 0:00:49]} *